Direito do trabalho na prt̀ica aps̤ a reforma

Detalles Bibliográficos
Autor principal: Pretti, Gleibe
Formato: eBook
Lenguaje:portugués
Publicado: San Pablo: LTR, 2019
Materias:
Acceso en línea:Acceso restringido

MARC

LEADER 00000nam a22000007a 4500
005 20191216222817.0
007 cr|||| ||||
008 191216s2019 br |||||s|||| 00||0 por d
020 |a 978-85-361-9970-2 
035 |a 30896 
040 |a vLex 
090 |c 10075  |d 10075 
100 1 |a Pretti, Gleibe 
245 1 0 |a Direito do trabalho na prt̀ica aps̤ a reforma  |h [Recurso electrn̤ico] /  |c Gleibe Pretti 
256 |a Servicio en ln̕ea 
260 |a San Pablo:  |b LTR,  |c 2019 
300 |a 1 recurso electrn̤ico 
500 |a A reforma trabalhista trouxe uma mudanȧ significativa no dia a dia dos operadores do direito, como tambm̌ para toda a sociedade. Aqueles que alegam que a justiȧ ou o direito do trabalho irô acabar estô completamente enganados. E a resposta ̌muito simples: enquanto existir trabalho, ns̤ precisamos de uma legislaȯ̂ e de uma justiȧ que julgue os conflitos inerentes entre os envolvidos. Nô existe a possibilidade de deixar com terceiros essa responsabilidade que ̌do Estado. Este livro foi feito para voc,̊ que quer fazer algo diferente e inovador na prt̀ica. É o livro certo para quem deseja se atualizar aps̤ a reforma; e j ̀est ̀atualizado j ̀com os entendimentos dos tribunais. 
506 1 |a Disponible solo en los productos indicados  |d vLex Global  |d vLex Global (Academic Edition, excluding Law Schools)  |d vLex Global (U.S. Academic Edition, Law Schools)  |d vLex Global (U.S. Academic Edition, excluding Law Schools)  |d vLex Global (Academic Edition, Law Schools) 
650 0 4 |a Derecho Laboral y Seguridad Social  |z Brasil 
650 0 4 |a Derecho Sindical  |z Brasil 
740 0 |a vLex Libros (Servicio en ln̕ea) 
856 4 0 |u http://vlex.com/source/direito-do-trabalho-na-pratica-apos-a-reforma-30896  |z Acceso restringido 
942 |c BOOK 
999 0 |a Labor Law and Social Security 
999 0 |a Trade Union Law